000 00301nam a22001337a 4500
008 190205b xxu||||| |||| 00| 0 eng d
020 _a0395351650
041 _aeng
080 _a510
100 _a36
101 _aMAT
245 _aElements of Discrete Mathematics
_cPrather,R.E
942 _2udc
_cBK
999 _c54008
_d54008